| 000 | 00605nam a2200217Ia 4500 | ||
|---|---|---|---|
| 005 | 20240314093254.0 | ||
| 008 | 131103s9999 xx 000 0 und d | ||
| 020 |
_a0 7619 9537 4 _cRs.395.00 |
||
| 040 | _aLoreto College | ||
| 041 | _aEnglish | ||
| 082 |
_a372.21 _bVIR |
||
| 100 | _aViruru, Radhika | ||
| 245 |
_aEarly Childhood Education, _cRadhika, Viruru |
||
| 260 |
_aNew Delhi _bsage _c2001 |
||
| 300 | _a189p. | ||
| 504 | _aIncludes bibliographical references & index | ||
| 650 | _aNursery schools - India | ||
| 651 | _aIndia - Elementary education | ||
| 850 | _aLCLIB | ||
| 942 | _cBK | ||
| 999 |
_c23365 _d73844 |
||